Quizzes
Events
Quiz Creation
Community
Videos
Private Events
Remove Ads
Sign In
Join for FREE
Feedback
Dark Mode
Quiz Categories
Sports
Geography
Music
Movies
Television
Just For Fun
Miscellaneous
History
Literature
Language
Science
Gaming
Entertainment
Religion
Holiday
For Kids
Quiz Lab
Recent
Popular Today
Quiz Kudos Today
Editor Picks
Curator Picks
Quizzes by...
Day
Popularity
Type
Ratings
Length
Year
Community
Subscriptions
Recent Discussions
Orange Saloon
Badges
Playlists
Quests
Create
Leaderboards
Showdown
Live 5
Trivia Bingo
Activity
Puzzle Library
Sporcle Events
Private Events
Virtual Trivia
Globe League
Become a Host
Pub Owners
SporcleCon
Opinionation
Our Games
Videos
Blog
Mobile Apps
Partnerships
Remove Ads and Go Orange
Feedback
Television
TV Characters
TV Show
Sitcom
Network
Friends
Reality Shows
Cast
South Park
Star Trek
The Simpsons
Doctor Who
Television
TV Characters
TV Show
Sitcom
Network
Friends
Reality Shows
Cast
South Park
Star Trek
The Simpsons
Doctor Who
Random Quiz
Search Sporcle
×
Quiz Lab
Quiz Lab
Television
Drama
Type in answers that appear in a list
Type in answers that appear in a list
Classic
Best Score? Go Orange.
Grey's Anatomy Characters by First Line Stats
Can you name the Grey's Anatomy characters by their first line in the series?
By
Lindsay216
10m
30 Questions
4,509 Plays
4,509 Plays
4,509 Plays
Comments
Comments
Give Quiz Kudos
Give Quiz Kudos
-
- Ratings
hide this ad
Forced Order
Answers have to be entered in order
Answers have to be entered in order
Replay
Link that replays current quiz
Next Quiz
Link to next quiz in quiz playlist
You Got
0%
They Got
Avg Score
37%
Avg Friend Score
Upgrade to see
Score Distribution
Jump to the score distribution portion of the page
Score
0/30
Timer
10:00
0
Plays Today
Quote
Character
% Correct
'I have 5 rules. Memorize them.'
Miranda Bailey
91.3%
'Steph! I need a favor. I'll do your scut for a week ... two weeks ... and before you say no, I just want to say that you look really pretty today.'
Jo Wilson
88%
'Maybe it’s professional jealously. Maybe she’s brilliant and they call her the Nazi because they’re jealous. Maybe she’s nice.'
Izzie Stevens
83.1%
'At Mercy West, we do zones.'
Jackson Avery
83%
'Each of you comes today hopeful, wanting in on the game. A month ago you were in med school being taught by doctors. Today, you are the doctors.'
Richard Webber
70.5%
'You got the Nazi? So did I. At least we’ll be tortured together, right?'
George O'Malley
70.3%
'He's 007.'
Alex Karev
66.8%
'Yeah. I hear one of them’s a model. Seriously, that’s gonna help with the respect thing.'
Cristina Yang
51.3%
'...humiliating on so many levels. You have to go.'
Meredith Grey
45.3%
'Do you think Medusa's always been Medusa?'
Leah Murphy
42.8%
'Well you'd know if you bothered to return any one of my phone calls.'
Addison Montgomery-Shepherd
38%
'Invasive non-
cell. With a history of COPD. That guy’s pretty much a goner, huh?'
Mark Sloan
36.9%
'This is...uh...'
Derek Shepherd
35.4%
'Hi. Can I buy you a drink?'
Lexie Grey
33.9%
'Dr. Bailey! [Insert name]. I'm taking over Dr. Kenley's patient.'
Arizona Robbins
33.7%
Quote
Character
% Correct
'Don't be alarmed, but Medusa's walking over here.'
Heather Brooks
32%
'Took you long enough Preston.'
Erica Hahn
29.1%
'George O'Malley?'
Callie Torres
28.2%
'Oh I hear we got a wet fish on dry land.'
Preston Burke
27.8%
'Thanks for being my tour guide through all this first day madness.'
April Kepner
24.8%
'Come on. Come on. I don't want to lose him!'
Teddy Altman
20%
'So?'
Owen Hunt
17.2%
'Wake up everybody! I know, I know it's grand rounds, where we have to sit and listen to somebody talk about how somebody did something and here's how they did it...'
Catherine Avery
13.2%
'What makes you think he wants to be discharged?'
Adele Webber
12.4%
'Hey, Dr. Bailey.'
Denny Duquette
10.8%
'Are you the doctor?'
Ellis Grey
10.8%
'No.'
Stephanie Edwards
10.1%
'Hey. Where can I find Dr. Shepherd?'
Amelia Shepherd
9.5%
'Guys, Jo's dying.'
Maggie Pierce
7.8%
'Every 12 hours.'
Shane Ross
7.7%
Quiz Playlist
Details
Report
Send in Message
Add To Playlist
Classic:
Type in answers that appear in a list
Forced Order:
Answers have to be entered in order
Last Updated: Feb 16, 2017
Quiz Scoreboard
CHALLENGE
Sign Up to Join the Scoreboard
Show All
Scores
Hide
Comments
May contain spoilers
Recently Published
Alphabetical 'K' Countries by Flag Minefield
by ylime102
Geography
3m
Pick 6: Fruits
by JohnFran
Miscellaneous
15s
Click the 1999 NBA Draft
by nibperrychub
Sports
2m
More to Explore
Quiz From the Vault
Featured Blog Post
15 Basketball Trivia Facts You Can Be March Mad About
hide this ad
You Might Also Like...
Tags
Character
Drama
Grey's Anatomy
hospital
Medical
Medicine
Today's Top Quizzes in Television
Browse Television
hide this ad
Today's Top Quizzes in Drama
Browse Drama
Top Contributed Quizzes in Television
1
One Piece Logic Puzzle
2
First Name TV: Leading Men
3
Hidden Simpsons Character XXIV
4
Hidden Simpsons Character
5
Pick A Pair: Religious TV
6
Best of Ross
7
First Name TV: Leading Women Drama
8
Demon Slayer Impossible Quiz
9
Hidden Simpsons Character XXV
10
Hidden Simpsons Character XXVI
Explore More
Trending Topics
Disney
Crossword
Harry Potter
Kpop
NBA
Anime
Marvel
Soccer
Puzzle
WWE
NFL
The Office
Song
Country
Pokémon
hide this ad
More By:
Lindsay216
Quiz
Plays
Rating
Category
Featured
Created
Grey's Anatomy Characters By Season of First Appearance
6,775
5.00
Television
Mar 6, 2015
Grey's Anatomy Characters by First Line
4,509
5.00
Television
Mar 5, 2015
In Too Deep - Sum 41 Figure Out the Lyrics
1,666
4.91
Music
Sep 22, 2014
Lyrics: 'The Mixed Tape' by Jack's Mannequin
300
4.67
Music
Aug 7, 2014
Lyrics: 'Bleed American' by Jimmy Eat World
287
3.75
Music
Aug 7, 2014
Go to Creator's Profile
Score Distribution
Quiz Creator Spotlight
Lindsay216
Follow
Send a Message
Quizzes Created
-
Created Quiz Play Count
-
More By This Creator
Popular Quizzes Today
1
Find the US States - No Outlines Minefield
2
Countries of Asia Without Outlines Minefield
3
Pick 6: Fruits
4
Alphabetical 'K' Countries by Flag Minefield
5
The Countries of the World
6
Click the 1999 NBA Draft
7
Find the US States
8
Match the Book to the Film X
More Television Quizzes
Which TV Character's Catchphrase?
Published
Trending Quizzes
Pick 6: Harry Potter
Pick 6: Mountains
Pick 6: NFL Teams
Pick 6: Golfers
Pick 6: Movie Franchises
Recently Updated
Women's Final Four Teams by Year
bhenderson79
Presidents Quartet II
eogle
Anything But Clue(do)
eogle
Anything But Oceanian Capitals
eogle
Anything But 7
eogle
Anything But Thing
eogle
Word Ladder: February 29
pecheneg
Song Title Questions
pecheneg
Women's NCAA Tournament #1 Seeds
pecheneg
Celebrity Mug Shots
pecheneg
Trending Topics
Marvel
NBA
Anime
Harry Potter
Kpop
Crossword
Disney
Pokémon
NFL
WWE
Song
Soccer
The Office
Puzzle
Country
Your Account Isn't Verified!
In order to create a playlist on Sporcle, you need to verify the email address you used during registration. Go to your
Sporcle Settings
to finish the process.
Report this User
Report this user for behavior that violates our
Community Guidelines
.
Details:
Send Report
Go to the Sporcle.com Mobile Site →
Comments